01042cam a22002771 4500001001300000003000400013005001700017008004100034010001700075035001900092040004600111050002200157051002100179082001100200100003700211245010900248260002300357300004700380410005900427500005900486504002500545650006000570650004000630700003000670710006400700gs 40000076 DLC20260227111345.0780225s1940 msuab b 000 0 eng c ags 40000076  a(OCoLC)3668278 aU.S. Geol. Survey LibrarycOTdOCoLCdDLC00aQE129b.A2 no. 39 aTN24.M7bA5 1940 a557.621 aMellen, Frederic Francis,d1911-10aYazoo County mineral resources: Geology,cby Frederic Francis Mellen; Tests, by Thomas Edwin McCutcheon. aUniversity,c1940. a132 p.billus., fold maps, tables,c23 cm.20aMississippi State Geological Survey.tBulletinvno. 39 aAt head of title: Mississippi State Geological Survey. a"References": p. 72. 0aMines and mineral resourceszMississippizYazoo County. 0aGeologyzMississippizYazoo County.1 aMcCutcheon, Thomas Edwin.2 aMississippi Geological, Economic, and Topographical Survey.